Territoires de la communication (Les) (Record n. 89758)

Dettagli MARC
000 -LEADER
fixed length control field 01463nam a2200289Ia 4500
001 - CONTROL NUMBER
control field C5747
003 - CONTROL NUMBER IDENTIFIER
control field IT-RoPAU
008 - FIXED-LENGTH DATA ELEMENTS--GENERAL INFORMATION
fixed length control field 130308s9999 xx 000 0 und d
040 ## - CATALOGING SOURCE
Original cataloging agency IT-RoPAU
040 ## - CATALOGING SOURCE
Transcribing agency IT-RoPAU
041 ## - LANGUAGE CODE
Language code of text/sound track or separate title FRANCESE
100 ## - MAIN ENTRY--PERSONAL NAME
Personal name Pailliart Isabelle
100 ## - MAIN ENTRY--PERSONAL NAME
Miscellaneous information Codice Aut. SPICS: 3164
245 ## - TITLE STATEMENT
Title Territoires de la communication (Les)
245 ## - TITLE STATEMENT
Remainder of title Territoires de la Communication (Les)
250 ## - EDITION STATEMENT
Edition statement 1a ed.
260 ## - PUBLICATION, DISTRIBUTION, ETC. (IMPRINT)
Place of publication, distribution, etc. GRENOBLE
260 ## - PUBLICATION, DISTRIBUTION, ETC. (IMPRINT)
Name of publisher, distributor, etc. Presses Universitaires
260 ## - PUBLICATION, DISTRIBUTION, ETC. (IMPRINT)
Date of publication, distribution, etc. 1993 [1° Ed.:1993 - Ed.Ling.Originale:1993]
300 ## - PHYSICAL DESCRIPTION
Extent "280 p. (prefazione: no ; testo: 280 [pagine: 0-0])"
500 ## - GENERAL NOTE
General note Territori della Comunicazione. Riferimenti Storici: Dalla Stampa di Provincia all'informazione Locale, Informazione municipale e idea di Potere Locale, Movimento Localista e Comunicazione. Affermazioni di politiche Municipali d'informazione e di Comunicazione: sotto Il Segno della Diversità, Strutturazione in Corso, giornale municipale tra bollettino e Rivista, Crescita delle Reti. nuove tecnologie dell'informazione e della Comunicazione e management dei Territori: Riposizionammmento del Potere Locale, ristrutturazione del locale e Rinforzo della Centralità. ricomposizione dei Territori: una Territorialità in Movimento, Europa Territorialità Complessa. Bibliografia.
650 ## - SUBJECT ADDED ENTRY--TOPICAL TERM
Topical term or geographic name as entry element SAGGI DI COMUNICAZIONE SOCIALE
650 ## - SUBJECT ADDED ENTRY--TOPICAL TERM
Relator term Codice materia Spics: 3807
942 ## - ADDED ENTRY ELEMENTS (KOHA)
Koha item type LIBRO
957 ## -
-- 1
999 ## - SYSTEM CONTROL NUMBERS (KOHA)
-- 1
Dati di copia
Withdrawn status Lost status Damaged status Not for loan Home library Current library Date acquired Total Checkouts Full call number Date last seen Price effective from Koha item type Public note
    Buone Condizioni Not For Loan SPICS-MEDIATECA SPICS-MEDIATECA 08/03/2013   C5747 08/03/2013 08/03/2013 LIBRO Progressivo inserimento: 17169 / N. Volumi: 1 Copie: 1 / data import: 1 marzo 2013 - By Epidotti, Trombetti, Vaglietti.
CREDITS: SOCIETA' SAN PAOLO Via A.Severo, 58 - ROMA (RM) & PERIODICI SAN PAOLO SRL Via Giotto, 36 MILANO & CISF Via Giotto, 36 MILANO & EDIZIONI SAN PAOLO SRL,  Piazza Soncino, 5 CINISELLO BALSAMO (MI) -- ITALY